Countries by Happiness Index - Country Quiz - Statistics

General Stats
  • This quiz has been taken 38 times
  • The average score is 79 of 100
Answer Stats
Hint Answer % Correct
Europe Finland
100%
Europe UK
100%
Europe Austria
97%
Europe Denmark
97%
Europe Iceland
97%
Europe Spain
97%
Europe Sweden
97%
Europe Switzerland
97%
Europe Belgium
94%
Europe France
94%
Europe Germany
94%
Europe Ireland
94%
Europe Netherlands
94%
Europe Norway
94%
Europe Serbia
94%
Europe Slovakia
94%
North America USA
94%
Africa Algeria
91%
South America Argentina
91%
Oceania Australia
91%
South America Brazil
91%
North America Canada
91%
Asia China
91%
Europe Estonia
91%
Europe Italy
91%
Europe Luxembourg
91%
Oceania New Zealand
91%
South America Paraguay
91%
Europe Poland
91%
Europe Portugal
91%
Europe Romania
91%
Europe / Asia Russia
91%
Europe Slovenia
91%
Africa South Africa
91%
South America Uruguay
91%
Europe Albania
88%
Europe Belarus
88%
South America Bolivia
88%
South America Chile
88%
Europe Croatia
88%
Europe Czechia
88%
Europe Greece
88%
Europe Hungary
88%
Europe Latvia
88%
Europe Lithuania
88%
Africa Morocco
88%
North America Panama
88%
Europe Bulgaria
84%
South America Colombia
84%
South America Ecuador
84%
North America Guatemala
84%
Africa Libya
84%
Europe Malta
84%
North America Mexico
84%
North America Nicaragua
84%
South America Peru
84%
Europe Bosnia
81%
North America Costa Rica
81%
Europe Cyprus
81%
North America El Salvador
81%
North America Honduras
81%
Europe Kosovo
81%
Europe Montenegro
81%
Europe Ukraine
81%
Asia Armenia
78%
Asia Azerbaijan
78%
Asia Indonesia
78%
Asia Japan
78%
Europe Moldova
78%
Asia South Korea
78%
Asia Thailand
78%
North America Jamaica
75%
Asia Taiwan
75%
Africa Mauritius
72%
Asia Vietnam
72%
Asia Laos
69%
Asia Philippines
69%
Asia Singapore
69%
Asia Turkmenistan
69%
Asia UAE
69%
Asia Bahrain
66%
Asia Israel
66%
Asia Kyrgyzstan
66%
Asia Mongolia
66%
Asia Saudi Arabia
66%
Asia Tajikistan
66%
Asia Uzbekistan
66%
Asia Kuwait
63%
Asia Malaysia
63%
Asia Nepal
59%
Asia Bangladesh
53%
North America DR
53%
Africa Senegal
53%
Africa Cameroon
44%
Africa Ivory Coast
41%
Africa The Gambia
41%
Africa Liberia
38%
Africa Mozambique
28%
Asia Hong Kong
25%
Asia Kazakstan
13%
No matching quizzes found
Score Distribution
Percent of People with Each Score
Percentile by Number Answered
Your Score History
You have not taken this quiz